| 000 | 00890cam a22001934a 4500 | ||
|---|---|---|---|
| 005 | 20250605164337.0 | ||
| 008 | 250528s ||||||||||||||||||||||||d | ||
| 035 | _a23469 | ||
| 040 |
_aGR-AtMCL _bgre _dGR-AtMCL _eAACR2 |
||
| 245 | 1 | _aA Qualitative Analysis on the Experience of Bereavement through the Perception of Men and Women with Diverse Religious Orientations, Using Interpretative Phenomenological Analysis. | |
| 260 | _c2017 | ||
| 300 | _a46 | ||
| 520 | _aIntroduction, Methodology, Design, Analytic Procedure, Participants, Materials, Procedure, Ethics, Analysis, Perceived Adaptive and Maladaptive Coping Strategies, Negative Religious Coping Perceived as Religious Struggle or Crisis Following the Loss, Discussion, Reflexivity, References. | ||
| 700 | 1 |
_aLouka Penelope _99017 |
|
| 700 | 1 |
_aPapakosta Melina _99035 |
|
| 942 | _cDS | ||
| 999 |
_c8479 _d8479 |
||